特定の文字を含む市区町村名(ランダム) - Statistics

General Stats
  • This quiz has been taken 5,485 times
  • The average score is 18 of 30
Answer Stats
Hint Answer % Correct
堺市
93%
沖縄市
92%
帯広市
91%
盛岡市
91%
燕市
91%
静岡市
91%
栃木市
90%
銚子市
90%
飛騨市
90%
敦賀市
89%
諫早市
89%
稚内市
88%
蕨市
88%
鯖江市
88%
枚方市
88%
尼崎市
88%
呉市
88%
弘前市
87%
那覇市
87%
小樽市
86%
千歳市
86%
嬬恋村
86%
逗子市
86%
嬉野市
86%
留萌市
85%
練馬区
85%
狛江市
85%
焼津市
85%
奄美市
85%
沖縄市
85%
美唄市
84%
習志野市
84%
調 調布市
84%
相模原市
84%
寝屋川市
84%
廿 廿日市市
84%
紋別市
83%
君津市
83%
墨田区
83%
胎内市
83%
笛吹市
83%
熱海市
83%
摂津市
83%
橿 橿原市
83%
北斗市
82%
天童市
82%
桐生市
82%
箱根町
82%
淡路市
82%
枕崎市
82%
桶川市
81%
犬山市
81%
指宿市
81%
霧島市
81%
美瑛町
80%
鴨川市
80%
韮崎市
80%
高槻市
80%
対馬市
80%
倶知安町
79%
長瀞町
79%
射水市
79%
裾野市
79%
夕張市
78%
釜石市
78%
只見町
78%
鴻巣市
78%
薩摩川内市
78%
網走市
77%
雫石町
77%
鉾田市
77%
各務原市
77%
各務原市
77%
占冠村
76%
斜里町
76%
羽咋市
76%
読谷村
76%
双葉町
75%
安曇野市
75%
四條畷市
75%
太宰府市
75%
唐津市
75%
姶良市
75%
久慈市
74%
袖ケ浦市
74%
匝瑳市
74%
新発田市
74%
舞鶴市
74%
にかほ市
73%
蓮田市
73%
妙高市
73%
碧南市
73%
設楽町
73%
鈴鹿市
73%
男鹿市
72%
南アルプス市
72%
南アルプス市
72%
交野市
72%
三好市
72%
名護市
72%
弟子屈町
71%
最上町
71%
那須烏山市
71%
我孫子市
71%
ニセコ町
70%
弟子屈町
70%
亘理町
70%
壬生町
70%
嵐山町
70%
我孫子市
70%
南房総市
70%
秦野市
70%
南アルプス市
70%
大鰐町
69%
播磨町
69%
宇陀市
69%
三次市
69%
宗像市
69%
礼文町
68%
大空町
68%
様似町
68%
壱岐市
68%
袋井市
67%
揖斐川町
66%
葛飾区
65%
八丈町
65%
南アルプス市
65%
身延町
65%
山県市
65%
日進市
65%
高梁市
65%
美祢市
65%
洞爺湖町
64%
芽室町
64%
塩竈市
64%
ニセコ町
63%
大樹町
63%
匝瑳市
63%
斑鳩町
63%
江差町
62%
洞爺湖町
62%
新得町
62%
幕別町
62%
鋸南町
62%
青梅市
62%
穴水町
62%
北杜市
62%
菰野町
62%
観音寺市
62%
猿払村
61%
猿払村
61%
白糠町
61%
鰺ヶ沢町
61%
磐梯町
61%
東員町
61%
伯耆町
61%
与論町
61%
宜野湾市
61%
恩納村
61%
共和町
60%
音威子府村
60%
増毛町
60%
訓子府町
60%
壮瞥町
60%
大磯町
60%
忍野村
60%
扶桑町
60%
羽曳野市
60%
ニセコ町
59%
様似町
59%
階上町
59%
辰野町
59%
余市町
58%
結城市
58%
見附市
58%
蟹江町
58%
京極町
57%
御坊市
57%
積丹町
56%
雨竜町
56%
えりも町
56%
大槌町
56%
遊佐町
56%
西脇市
56%
球磨村
56%
高鍋町
56%
妹背牛町
55%
外ヶ浜町
55%
皆野町
55%
信濃町
55%
隠岐の島町
55%
人吉市
55%
蒲郡市
54%
美作市
54%
苅田町
54%
基山町
54%
苓北町
54%
曽於市
54%
初山別村
53%
標茶町
53%
矢巾町
53%
立科町
53%
尾鷲市
53%
宍粟市
53%
玄海町
53%
妹背牛町
52%
豊頃町
52%
高畠町
52%
塙町
52%
鹿嶋市
52%
今帰仁村
52%
鮭川村
51%
杉並区
51%
佐用町
51%
肝付町
51%
普代村
50%
八郎潟町
50%
松伏町
50%
売木村
50%
楢葉町
49%
嬬恋村
49%
御嵩町
49%
乙部町
48%
鹿追町
48%
大衡村
48%
藍住町
48%
蓬田村
47%
曽爾村
47%
東彼杵町
47%
都農町
47%
矢祭町
46%
与謝野町
46%
うきは市
46%
南大隅町
46%
柴田町
45%
猪苗代町
45%
涌谷町
44%
鮫川村
44%
精華町
44%
小値賀町
44%
産山村
44%
坂祝町
43%
忠岡町
43%
糸満市
43%
剣淵町
42%
壮瞥町
42%
榛東村
42%
麻績村
42%
さぬき市
42%
志免町
42%
粕屋町
42%
安堵町
41%
砥部町
41%
椎葉村
41%
西之表市
41%
喬木村
40%
和束町
40%
片品村
39%
開成町
39%
聖籠町
39%
御杖村
39%
宇検村
39%
東吾妻町
38%
内灘町
38%
精華町
38%
総社市
38%
神埼市
38%
喜界町
38%
睦沢町
37%
田舎館村
36%
甘楽町
36%
平群町
36%
鞍手町
36%
色麻町
35%
桑折町
35%
聖籠町
35%
小菅村
35%
千曲市
35%
時津町
35%
八百津町
34%
美咲町
34%
箕面市
33%
野迫川村
33%
三股町
33%
伊是名村
33%
知夫村
32%
大任町
32%
日之影町
32%
剣淵町
31%
田野畑村
31%
まんのう町
31%
泰阜村
30%
木祖村
30%
飯綱町
30%
梼原町
30%
大刀洗町
30%
永平寺町
29%
広陵町
29%
鬼北町
29%
ふじみ野市
28%
玖珠町
28%
ときがわ町
27%
えびの市
26%
山元町
25%
肝付町
25%
みどり市
24%
奈義町
23%
豊丘村
22%
飯舘村
21%
佐世保市
20%
みやこ町
19%
新ひだか町
14%
No matching quizzes found
Score Distribution
Percent of People with Each Score
Percentile by Number Answered
Your Score History
You have not taken this quiz